<?xml version="1.0" encoding="UTF-8"?><?xml-stylesheet type="text/xsl" href="static/style.xsl"?><OAI-PMH xmlns="http://www.openarchives.org/OAI/2.0/" xmlns:xsi="http://www.w3.org/2001/XMLSchema-instance" xsi:schemaLocation="http://www.openarchives.org/OAI/2.0/ http://www.openarchives.org/OAI/2.0/OAI-PMH.xsd"><responseDate>2026-04-13T06:50:00Z</responseDate><request verb="GetRecord" identifier="oai:www.recercat.cat:11351/13595" metadataPrefix="marc">https://recercat.cat/oai/request</request><GetRecord><record><header><identifier>oai:recercat.cat:11351/13595</identifier><datestamp>2025-10-24T08:28:48Z</datestamp><setSpec>com_2072_451660</setSpec><setSpec>com_2072_378040</setSpec><setSpec>col_2072_451662</setSpec></header><metadata><record xmlns="http://www.loc.gov/MARC21/slim" xmlns:dcterms="http://purl.org/dc/terms/" xmlns:xsi="http://www.w3.org/2001/XMLSchema-instance" xmlns:doc="http://www.lyncode.com/xoai" xsi:schemaLocation="http://www.loc.gov/MARC21/slim http://www.loc.gov/standards/marcxml/schema/MARC21slim.xsd">
   <leader>00925njm 22002777a 4500</leader>
   <datafield ind2=" " ind1=" " tag="042">
      <subfield code="a">dc</subfield>
   </datafield>
   <datafield ind2=" " ind1=" " tag="720">
      <subfield code="a">Parera, Joan</subfield>
      <subfield code="e">author</subfield>
   </datafield>
   <datafield ind2=" " ind1=" " tag="720">
      <subfield code="a">Garolera, Maite</subfield>
      <subfield code="e">author</subfield>
   </datafield>
   <datafield ind2=" " ind1=" " tag="720">
      <subfield code="a">Navarro Pastor, Jose Blas</subfield>
      <subfield code="e">author</subfield>
   </datafield>
   <datafield ind2=" " ind1=" " tag="720">
      <subfield code="a">Bech-Decareda, Dolors Esteve</subfield>
      <subfield code="e">author</subfield>
   </datafield>
   <datafield ind2=" " ind1=" " tag="720">
      <subfield code="a">Gual-Beltran, Josep</subfield>
      <subfield code="e">author</subfield>
   </datafield>
   <datafield ind2=" " ind1=" " tag="720">
      <subfield code="a">Toledo-Marhuenda, José Vicente</subfield>
      <subfield code="e">author</subfield>
   </datafield>
   <datafield ind2=" " ind1=" " tag="260">
      <subfield code="c">2025-09-03T11:09:50Z</subfield>
   </datafield>
   <datafield ind2=" " ind1=" " tag="260">
      <subfield code="c">2025-09-03T11:09:50Z</subfield>
   </datafield>
   <datafield ind2=" " ind1=" " tag="260">
      <subfield code="c">2025-03-24</subfield>
   </datafield>
   <datafield ind2=" " ind1=" " tag="520">
      <subfield code="a">Cervical manipulation; Whiplash injury; Physiotherapy</subfield>
   </datafield>
   <datafield ind2=" " ind1=" " tag="520">
      <subfield code="a">Manipulació cervical; Lesió per fuetada cervical; Fisioteràpia</subfield>
   </datafield>
   <datafield ind2=" " ind1=" " tag="520">
      <subfield code="a">Manipulación cervical; Lesión por latigazo cervical; Fisioterapia</subfield>
   </datafield>
   <datafield ind2=" " ind1=" " tag="520">
      <subfield code="a">Whiplash injuries (WLs) are the most frequent cause of emergency room visits after motor vehicle collisions. In clinical practice, massage, electrotherapy, mobilization, or therapeutic exercise are used. As part of manual therapy, high-velocity, low-amplitude manipulative techniques can also be used. Objectives: To evaluate the effect of the cervical Specific Adjustment Technique (SAT) in adults affected by whiplash on pain, functionality, cervical mobility, and radiological changes in cervical curvature through a prospective, single-blind, randomized clinical trial. Methods: One hundred and nineteen patients with grade II acute WL were randomly assigned to either the manipulation group (MAN group = 59) or the rehabilitation group (RHB group = 60) to receive 3 or 20 sessions of treatment, respectively. Both groups were measured at baseline and 15, 30, and 120 days after starting treatment. Results: Statistically significant differences were found in the MAN group in flexion (p = 0.041) and left-side bending (p = 0.022); similar statistical values were found in the other measures. According to the interaction treatment-time effect, statistical significance for the Cobb angle was obtained in the MAN group (p = 0.047). Conclusions: the effects of SAT were comparable in terms of pain, functionality, and mobility of the cervical spine. Although further research is needed on its effects in the acute phase, due to its effectiveness and lower associated cost, SAT could be considered a useful technique, at least during the first 3 months after a traffic collision.</subfield>
   </datafield>
   <datafield ind1="8" ind2=" " tag="024">
      <subfield code="a">http://hdl.handle.net/11351/13595</subfield>
   </datafield>
   <datafield tag="653" ind2=" " ind1=" ">
      <subfield code="a">Cervicàlgia</subfield>
   </datafield>
   <datafield tag="653" ind2=" " ind1=" ">
      <subfield code="a">Fuetades cervicals</subfield>
   </datafield>
   <datafield tag="653" ind2=" " ind1=" ">
      <subfield code="a">Medicina física</subfield>
   </datafield>
   <datafield tag="653" ind2=" " ind1=" ">
      <subfield code="a">ANATOMY::Musculoskeletal System::Skeleton::Bone and Bones::Spine::Cervical Vertebrae</subfield>
   </datafield>
   <datafield tag="653" ind2=" " ind1=" ">
      <subfield code="a">DISEASES::Wounds and Injuries::Neck Injuries::Whiplash Injuries</subfield>
   </datafield>
   <datafield tag="653" ind2=" " ind1=" ">
      <subfield code="a">ANALYTICAL, DIAGNOSTIC AND THERAPEUTIC TECHNIQUES, AND EQUIPMENT::Therapeutics::Complementary Therapies::Musculoskeletal Manipulations::Manipulation, Chiropractic</subfield>
   </datafield>
   <datafield tag="653" ind2=" " ind1=" ">
      <subfield code="a">ANALYTICAL, DIAGNOSTIC AND THERAPEUTIC TECHNIQUES, AND EQUIPMENT::Therapeutics::Therapeutics::Rehabilitation::Physical Therapy Modalities</subfield>
   </datafield>
   <datafield tag="653" ind2=" " ind1=" ">
      <subfield code="a">ANATOMÍA::sistema musculoesquelético::esqueleto::huesos::columna vertebral::vértebras cervicales</subfield>
   </datafield>
   <datafield tag="653" ind2=" " ind1=" ">
      <subfield code="a">ENFERMEDADES::heridas y lesiones::traumatismos del cuello::lesiones por latigazo cervical</subfield>
   </datafield>
   <datafield tag="653" ind2=" " ind1=" ">
      <subfield code="a">TÉCNICAS Y EQUIPOS ANALÍTICOS, DIAGNÓSTICOS Y TERAPÉUTICOS::terapéutica::tratamientos complementarios::manipulaciones musculoesqueléticas::manipulación quiropráctica</subfield>
   </datafield>
   <datafield tag="653" ind2=" " ind1=" ">
      <subfield code="a">TÉCNICAS Y EQUIPOS ANALÍTICOS, DIAGNÓSTICOS Y TERAPÉUTICOS::terapéutica::terapéutica::rehabilitación::modalidades de fisioterapia</subfield>
   </datafield>
   <datafield ind2="0" ind1="0" tag="245">
      <subfield code="a">The Effects of Cervical Manipulation Compared with a Conventional Physiotherapy Program for Patients with Acute Whiplash Injury: A Randomized Controlled Trial</subfield>
   </datafield>
</record></metadata></record></GetRecord></OAI-PMH>